|
|
|
|
| LEADER |
02204nam a2200505 4500 |
| 001 |
AALProQuestebook000019 |
| 003 |
BD-DhAAL |
| 005 |
20230907104834.0 |
| 006 |
m||||||||d|||||||| |
| 007 |
cr|||||||||||| |
| 008 |
220102s2015 nyuab ob 001 0 eng |
| 010 |
|
|
|a 2014034070
|
| 020 |
|
|
|a 9780231173148
|
| 020 |
|
|
|a 9780231173155
|
| 020 |
|
|
|z 9780231539005 (e-book)
|
| 035 |
|
|
|a (MiAaPQ)EBC1922296
|
| 035 |
|
|
|a (Au-PeEL)EBL1922296
|
| 035 |
|
|
|a (CaPaEBR)ebr11024405
|
| 035 |
|
|
|a (CaONFJC)MIL695461
|
| 035 |
|
|
|a (OCoLC)902675769
|
| 040 |
|
|
|a MiAaPQ
|b eng
|c MiAaPQ
|e rda
|d DLC
|d MiAaPQ
|d BD-DhAAL
|
| 042 |
|
|
|a pcc
|
| 050 |
0 |
0 |
|a HC79.E5
|b S2155 2015
|
| 082 |
0 |
0 |
|a 338.927
|2 23
|
| 100 |
1 |
|
|a Sachs, Jeffrey.
|9 43870
|
| 245 |
1 |
4 |
|a The age of sustainable development
|h [electronic resource] /
|c Jeffrey D. Sachs ; foreword by Ban Ki-Moon.
|
| 260 |
|
|
|a New York, [New York] :
|b Columbia University Press,
|c c2015
|
| 300 |
|
|
|a 1 online resource (564 pages) :
|b illustrations (cheifly color), color maps
|
| 500 |
|
|
|a <strong>Off-Campus Access:</strong> Athens ID and Password Required
|
| 500 |
|
|
|a <strong>On-Campus Access:</strong> No User ID or Password Required
|
| 500 |
|
|
|a Access type: Perpetual access for 1 users
|
| 504 |
|
|
|a Includes bibliographical references (pages 513 - 519) and index.
|
| 526 |
|
|
|a ARC
|x Dr. Imon Chowdhooree
Assistant Professor
|
| 538 |
|
|
|a Mode of access: Internet
|
| 541 |
|
|
|a ProQuest
|h USD 38.99 (for 1 user)
|
| 650 |
|
0 |
|a Sustainable development.
|9 43871
|
| 650 |
|
0 |
|a Economic development
|x Environmental aspects.
|9 43872
|
| 655 |
|
|
|a Electronic books.
|
| 700 |
|
|
|a Ki-moon, Ban,
|4 author of introduction
|9 43874
|
| 710 |
|
|
|a ProQuest (Firm).
|9 43926
|
| 852 |
|
|
|a Ayesha Abed Library
|
| 856 |
|
|
|z Full text available on ProQuest
|u https://ebookcentral.proquest.com/lib/bracu/detail.action?docID=1922296
|
| 942 |
|
|
|2 ddc
|c EBK
|
| 999 |
|
|
|c 43386
|d 43386
|
| 952 |
|
|
|0 0
|1 0
|2 ddc
|4 0
|6 338_927000000000000_SAC
|7 0
|9 69643
|a BRACUL
|b BRACUL
|d 2022-01-02
|e ProQuest
|g 3.00
|l 0
|o 338.927 SAC
|r 2022-01-02
|t 1
|w 2022-01-02
|y EBK
|x As discussed with Acquisition team, according to invoice date (23.12.2021) of the eE-book, converted USD 38.99 to BDT 3,341.75.
|